<?xml version="1.0" encoding="UTF-8"?>
<collection xmlns="http://www.loc.gov/MARC21/slim">
<record>
  <controlfield tag="001">117961</controlfield>
  <controlfield tag="005">20230519145602.0</controlfield>
  <datafield tag="024" ind1="7" ind2=" ">
    <subfield code="2">doi</subfield>
    <subfield code="a">10.31083/j.ejgo4204099</subfield>
  </datafield>
  <datafield tag="024" ind1="8" ind2=" ">
    <subfield code="2">sideral</subfield>
    <subfield code="a">128047</subfield>
  </datafield>
  <datafield tag="037" ind1=" " ind2=" ">
    <subfield code="a">ART-2021-128047</subfield>
  </datafield>
  <datafield tag="041" ind1=" " ind2=" ">
    <subfield code="a">eng</subfield>
  </datafield>
  <datafield tag="100" ind1=" " ind2=" ">
    <subfield code="a">Baquedano Mainar, Laura</subfield>
    <subfield code="u">Universidad de Zaragoza</subfield>
  </datafield>
  <datafield tag="245" ind1=" " ind2=" ">
    <subfield code="a">Clinical and demographic factors in endometrial and ovary carcinoma: Synchronous carcinoma vs stage IIIA endometrial carcinoma</subfield>
  </datafield>
  <datafield tag="260" ind1=" " ind2=" ">
    <subfield code="c">2021</subfield>
  </datafield>
  <datafield tag="506" ind1="0" ind2=" ">
    <subfield code="a">Access copy available to the general public</subfield>
    <subfield code="f">Unrestricted</subfield>
  </datafield>
  <datafield tag="520" ind1="3" ind2=" ">
    <subfield code="a">Objective: To compare pre-surgical demographic and clinical factors and preoperative serum tumor marker values of patients with endometrial and ovarian synchronous carcinoma with those diagnosed with endometrial carcinoma with metastatic ovarian involvement (FIGO stage IIIA). Methods: A retrospective observational study including patients with endometrial and ovarian malignant tumors that were treated at Miguel Servet University Hospital, Zaragoza, Spain, since January 2000 to June 2020. All pathologic specimens were reviewed by two pathologists specialized in gynecological oncology. Results: Overall, 51 patients were included. 24 cases of them, were endometrial and ovarian synchronous primary carcinomas and the remaining 27 cases were endometrial tumors with adnexa. Parity, personal and family oncological history, arterial hypertension, diabetes, dyslipidemia, obesity and the prior use of hormone replacement therapy did not show significant differences between both groups. Age (p = 0.002), menopausal status (p = 0.029), abnormal uterine bleeding (p = 0.001), Ca 12.5 preoperative serum level (p = 0.038) and Ca 19.9 preoperative serum level (0.028) were factors with significant differences between both groups. In multivariate analysis, only abnormal uterine bleeding and Ca 19.9 values were independents factors. Conclusions: The presence of abnormal uterine bleeding and Ca 19.9 preoperative serum level could guide the clinician in the preoperative differential diagnosis between endometrial cancer with ovarian involvement and endometrial and ovarian synchronous carcinoma. © 2021 The Author(s).</subfield>
  </datafield>
  <datafield tag="540" ind1=" " ind2=" ">
    <subfield code="9">info:eu-repo/semantics/openAccess</subfield>
    <subfield code="a">by</subfield>
    <subfield code="u">http://creativecommons.org/licenses/by/3.0/es/</subfield>
  </datafield>
  <datafield tag="590" ind1=" " ind2=" ">
    <subfield code="a">0.255</subfield>
    <subfield code="b">2021</subfield>
  </datafield>
  <datafield tag="591" ind1=" " ind2=" ">
    <subfield code="a">ONCOLOGY</subfield>
    <subfield code="b">243 / 245 = 0.992</subfield>
    <subfield code="c">2021</subfield>
    <subfield code="d">Q4</subfield>
    <subfield code="e">T3</subfield>
  </datafield>
  <datafield tag="591" ind1=" " ind2=" ">
    <subfield code="a">OBSTETRICS &amp; GYNECOLOGY</subfield>
    <subfield code="b">83 / 85 = 0.976</subfield>
    <subfield code="c">2021</subfield>
    <subfield code="d">Q4</subfield>
    <subfield code="e">T3</subfield>
  </datafield>
  <datafield tag="592" ind1=" " ind2=" ">
    <subfield code="a">0.0</subfield>
    <subfield code="b">2021</subfield>
  </datafield>
  <datafield tag="593" ind1=" " ind2=" ">
    <subfield code="a">Oncology</subfield>
    <subfield code="c">2021</subfield>
  </datafield>
  <datafield tag="593" ind1=" " ind2=" ">
    <subfield code="a">Obstetrics and Gynecology</subfield>
    <subfield code="c">2021</subfield>
  </datafield>
  <datafield tag="655" ind1=" " ind2="4">
    <subfield code="a">info:eu-repo/semantics/article</subfield>
    <subfield code="v">info:eu-repo/semantics/publishedVersion</subfield>
  </datafield>
  <datafield tag="700" ind1=" " ind2=" ">
    <subfield code="a">Navarro Sierra, Javier</subfield>
  </datafield>
  <datafield tag="700" ind1=" " ind2=" ">
    <subfield code="a">Alvárez Sarrado, Leticia</subfield>
    <subfield code="0">(orcid)0000-0001-8957-2352</subfield>
  </datafield>
  <datafield tag="700" ind1=" " ind2=" ">
    <subfield code="a">José Gutiérrez, Yasmina</subfield>
  </datafield>
  <datafield tag="700" ind1=" " ind2=" ">
    <subfield code="a">Lamarca Ballestero, Marta</subfield>
  </datafield>
  <datafield tag="700" ind1=" " ind2=" ">
    <subfield code="a">Rubio Cuesta, Patricia</subfield>
  </datafield>
  <datafield tag="700" ind1=" " ind2=" ">
    <subfield code="a">Ruiz Peña, Ana C.</subfield>
  </datafield>
  <datafield tag="700" ind1=" " ind2=" ">
    <subfield code="a">Espiau Romera, Andrea</subfield>
    <subfield code="u">Universidad de Zaragoza</subfield>
  </datafield>
  <datafield tag="710" ind1="2" ind2=" ">
    <subfield code="1">1013</subfield>
    <subfield code="2">645</subfield>
    <subfield code="a">Universidad de Zaragoza</subfield>
    <subfield code="b">Dpto. Cirugía</subfield>
    <subfield code="c">Área Obstetricia y Ginecología</subfield>
  </datafield>
  <datafield tag="773" ind1=" " ind2=" ">
    <subfield code="g">42, 4 (2021), 643-648</subfield>
    <subfield code="p">Eur. j. gynaecol. oncol.</subfield>
    <subfield code="t">EUROPEAN JOURNAL OF GYNAECOLOGICAL ONCOLOGY</subfield>
    <subfield code="x">0392-2936</subfield>
  </datafield>
  <datafield tag="856" ind1="4" ind2=" ">
    <subfield code="s">116183</subfield>
    <subfield code="u">http://zaguan.unizar.es/record/117961/files/texto_completo.pdf</subfield>
    <subfield code="y">Versión publicada</subfield>
  </datafield>
  <datafield tag="856" ind1="4" ind2=" ">
    <subfield code="s">2929099</subfield>
    <subfield code="u">http://zaguan.unizar.es/record/117961/files/texto_completo.jpg?subformat=icon</subfield>
    <subfield code="x">icon</subfield>
    <subfield code="y">Versión publicada</subfield>
  </datafield>
  <datafield tag="909" ind1="C" ind2="O">
    <subfield code="o">oai:zaguan.unizar.es:117961</subfield>
    <subfield code="p">articulos</subfield>
    <subfield code="p">driver</subfield>
  </datafield>
  <datafield tag="951" ind1=" " ind2=" ">
    <subfield code="a">2023-05-18-16:00:48</subfield>
  </datafield>
  <datafield tag="980" ind1=" " ind2=" ">
    <subfield code="a">ARTICLE</subfield>
  </datafield>
</record>
</collection>